=LDR 00000nam 2200000 4500 =001 INLIS000000000029444 =005 20200908074814 =035 ##$$a 0010-061300000029444 =008 200908################g##########0#ind## =041 ##$$a Ind =082 ##$$a 302.2 =090 ##$$a 302.2, Ant r =100 ##$$a Antoni =245 1#$$a Riuhnya Persimpangan itu, Propil dan pemikiran para penggagas kajian ilmu komunikasi, /$c Antoni =260 ##$$a Solo :$b Tiga Serangkai,$c 2004 =300 ##$$a xvi, 336 hlm. ; $c 14 x 21 cm =650 #4$$a Ilmu Komunikasi =850 ##$$a NBPNMAT =020 ##$$a 979-668-527-2 =084 ##$$a 302.2 ANT r =250 ##$$a cet. 1 =990 ##$$a 30709338 =990 ##$$a 30709337 =990 ##$$a 30709339 =990 ##$$a 30709336